Comuni italiani meno popolosi - Statistics

Statistiche generali
  • Questo quiz è stato fatto 66 volte
  • Il punteggio medio è 5 su 11
Statistiche sulle risposte
Provincia Popolazione Comune % Corretto
Lecco 33 Morterone
75%
Torino 29 Moncenisio
69%
Sondrio 39 Pedesina
58%
Cuneo 40 Briga Alta
56%
Torino 45 Ingria
52%
Torino 48 Ribordone
35%
Vercelli 57 Cervatto
33%
Cuneo 50 Torresina
31%
Cuneo 57 Macra
27%
Torino 52 Massello
25%
Parma 55 Rusino
13%
Nessun quiz corrispondente trovato
Distribuzione punteggi
Percentuale di utenti per punteggio
Percentile per numero di risposta
I tuoi punteggi nel tempo
Non hai fatto questo quiz